| 000 | 00781nam a2200193 u 4500 | ||
|---|---|---|---|
| 001 | 000808759 | ||
| 003 | AM-YeHGA | ||
| 005 | 20250618073925.0 | ||
| 008 | 110510s1982 ru c r 000 0 rus d | ||
| 040 | _aAM-YeHGA | ||
| 041 | 1 |
_arus _harm |
|
| 100 | 1 |
_aՊետրոսյան, Վարդգես Համազասպի, _d1932-1994 _91431 |
|
| 245 | 1 | 0 |
_aКрик немой горы : _bРоман, повесть, рассказы / _cВ.А. Петросян ; Пер. с арм. А. Тер-Акопян. |
| 260 |
_aМосква : _bСоветский писатель, _c1982. |
||
| 300 |
_a352 с. : _bпортр. |
||
| 650 | 1 | 4 | _aАрмянская советская проза |
| 700 | 1 |
_aՏեր-Հակոբյան, Ալլա Կոնստանտինի, _d1940- _4trl _92829 |
|
| 090 | _c295053 | ||
| 999 |
_c293368 _d293368 |
||